| 000 | 01456nam a22003377a 4500 | ||
|---|---|---|---|
| 999 |
_c100266 _d100266 |
||
| 005 | 20221226120905.0 | ||
| 010 | _a1617EN ENG-115238, ENG-135942 | ||
| 020 |
_a9789351508144 _c850.00 |
||
| 035 | _aB-654278-281 | ||
| 035 | _aB-667888 | ||
| 035 | _aEN-98770 | ||
| 035 | _aEN-119474 | ||
| 037 | _bTBI | ||
| 037 | _bDBAD/PUB | ||
| 082 | 0 | 0 |
_a306.0954 _223 |
| 100 | 1 | _aJethwaney, Jaishri N. | |
| 245 | 1 | 0 |
_aSocial sector communication in India : _bconcepts, practices, and case studies / _cby Jaishri Jethwaney |
| 260 |
_aNew Delhi _bSAGE Publications _c2016 |
||
| 270 |
_aB1/I-1 Mohan Cooperative Industrial Area, Mathura Road _bNew Delhi _e110044 |
||
| 300 |
_axvi,268p. _c23cm(Hb) |
||
| 500 | _aIncludes bibliographical references and index. | ||
| 650 | 0 |
_aSocial planning _zIndia. |
|
| 650 | 0 |
_aCommunication in social action _zIndia. |
|
| 650 | 0 |
_aCommunication in community development _zIndia. |
|
| 650 | 0 |
_aSocial action _zIndia. |
|
| 650 | 0 |
_aCommunity development _zIndia. |
|
| 650 | 0 |
_aSocial service _zIndia. |
|
| 942 |
_2ddc _cEN _h306.0954 _mJET |
||